| 000 | 00808nam a2200229Ii 4500 | ||
|---|---|---|---|
| 003 | JO-AjNU | ||
| 008 | 230605s9999||||xx |||||||||||||| ||und|| | ||
| 017 | _a2004/4/997 | ||
| 020 | _a9957-02-147-8 | ||
| 040 |
_aJO-AjNU _bara _erda _cJO-AjNU |
||
| 041 | _aara | ||
| 050 | 1 | 4 | _aDS154.16.U6.A4784 2004 |
| 100 | 3 |
_aاعداد العمرو، قروت سلامة محمد, _eauthor _914768 |
|
| 245 | 0 | 0 | _aالمساعدات الأمريكية والتحول الديمراطي في الأردن 1985-1995م |
| 250 | _aط1 | ||
| 264 | 3 | 1 | _aعمان: دار مجدلاوي، 2004 |
| 300 | _a207ص | ||
| 336 |
_atext _btxt _2rdacontent |
||
| 337 |
_aunmediated _bn _2rdamedia |
||
| 338 |
_avolume _bnc _2rdacarrier |
||
| 650 | 4 |
_aالاردن-تاريخ-المساعدات الامريكية1985-1995 م _914769 |
|
| 999 |
_aA4016 _c7584 _d7584 |
||